000 00294nam a2200097Ia 4500
008 220204s9999 xx 000 0 und d
082 _a339.5
_bITC
245 0 _aInternational trade rules : Business queations about the world trading system and the WTO
260 _aGeneva
_bITC
_c2000
942 _cBK
999 _c44026
_d44026